00000000nam##2200000za#4500
0019.615238
003CaOODSP
00520200514165619
007ta
008150406|2000||||xxc|||||     f|0| 0 eng|d
020 |a0-662-29119-0
040 |aCaOODSP|beng
043 |an-cn---
0861 |aNH18-23/58E
1102 |aCanada Mortgage and Housing Corporation.
24514|aThe housing conditions of persons with health and activity limitation in Canada, 1991 : |ba retrospective
260 |aOttawa - Ontario : |bCanada Mortgage and Housing Corporation
300 |a4p. ; |c28 cm.
4901 |aResearch highlight. Socio-economic series|v58
563 |aPamphlet
590 |a00-23|b2000-06-09
69007|aSubsidized housing|2gcpds
69007|aPersons with disabilities|2gcpds
77508|tLes conditions de logement des personnes ayant des problèmes de santé et des limitations d'activité au Canada, en 1991 : |w(CaOODSP)9.625356
7760#|tThe housing conditions of persons with health and activity limitations in Canada, 1991 : |w(CaOODSP)9.571737
830#0|aResearch highlight. Socio-economic series ;|v58|w(CaOODSP)9.514827
986 |aNHA 2266